[Event "EU-ch 25th"]
[Site "Eforie Nord"]
[Date "2025.03.22"]
[Round "7"]
[White "Taieb, Ariel"]
[Black "Fishchuk, Vladyslav"]
[Result "0-1"]
[WhiteElo "2043"]
[BlackElo "2204"]
[PlyCount "94"]
[EventDate "2025.03.15"]
[EventType "swiss"]
[EventRounds "11"]
[EventCountry "ROU"]
[SourceTitle "CB13_2025"]
[SourceDate "2025.03.26"]
[SourceVersion "1"]
[SourceVersionDate "2025.03.26"]
[SourceQuality "1"]

1. e4 g6 2. d4 Bg7 3. Nc3 d6 4. Be3 a6 5. Nf3 Nf6 6. Qd2 b5 7. Bd3 Nc6 8. e5 dxe5 9. dxe5 Ng4 10. Be4 Qxd2+ 11. Bxd2 Bb7 12. e6 f5 13. Bd5 0-0-0 14. h3 b4 15. Bxc6 Bxc6 16. hxg4 fxg4 17. Ng5 bxc3 18. Bxc3 Bxc3+ 19. bxc3 Bxg2 20. Rh2 Bf3 21. Nf7 h5 22. Nxh8 Rxh8 23. Kd2 Rf8 24. Re1 Rf6 25. Re5 Kb7 26. Kd3 Kc6 27. Ra5 Kb6 28. Re5 c5 29. Kc4 Rf4+ 30. Kd3 Kc6 31. Re1 Rf6 32. Kc4 Kd6 33. Re3 Bd5+ 34. Kd3 Rxe6 35. Rxe6+ Kxe6 36. f3 Bxf3 37. Ke3 Kf5 38. Rd2 h4 39. Rd8 e5 40. c4 h3 41. Rf8+ Kg5 42. Rh8 e4 43. a4 Bg2 44. Kf2 e3+ 45. Kg3 Bc6 46. Rh7 Kf6 47. a5 e2 0-1

[Event "Titled Tuesday intern op 11th Mar Early"]
[Site "Chess.com INT"]
[Date "2025.03.11"]
[Round "4"]
[White "Fishchuk, Vladyslav"]
[Black "Calvo Gonzalez, Jose Felix"]
[Result "1-0"]
[WhiteElo "2204"]
[BlackElo "2198"]
[PlyCount "63"]
[EventDate "2025.03.11"]
[EventType "swiss (blitz)"]
[EventRounds "11"]
[EventCountry "USA"]
[SourceTitle "CB12_2025"]
[SourceDate "2025.03.19"]
[SourceVersion "1"]
[SourceVersionDate "2025.03.19"]
[SourceQuality "1"]

1. Nc3 Nf6 2. e4 e5 3. d4 exd4 4. Qxd4 Nc6 5. Qd3 Bb4 6. Bd2 0-0 7. 0-0-0 Re8 8. Nge2 Ne5 9. Qg3 d6 10. f3 Be6 11. h4 Kh8 12. h5 h6 13. Qf2 Nc4 14. Bf4 c6 15. Nd4 Bxc3 16. Nxe6 Bxb2+ 17. Kb1 fxe6 18. Bxc4 Ba3 19. g4 e5 20. Be3 Rf8 21. Qg2 Qa5 22. Rd3 d5 23. Bb3 dxe4 24. fxe4 Rad8 25. Bd2 Qc5 26. Be3 Qb4 27. g5 Qxe4 28. Qxe4 Nxe4 29. gxh6 gxh6 30. Bxh6 Nf2 31. Bxf8 Nxd3 32. Bxa3 1-0

[Event "Titled Tuesday intern op 11th Mar Early"]
[Site "Chess.com INT"]
[Date "2025.03.11"]
[Round "11"]
[White "Fishchuk, Vladyslav"]
[Black "Munoz, Francisco Javier"]
[Result "1-0"]
[WhiteElo "2204"]
[BlackElo "2389"]
[PlyCount "163"]
[EventDate "2025.03.11"]
[EventType "swiss (blitz)"]
[EventRounds "11"]
[EventCountry "USA"]
[SourceTitle "CB12_2025"]
[SourceDate "2025.03.19"]
[SourceVersion "1"]
[SourceVersionDate "2025.03.19"]
[SourceQuality "1"]

1. Nc3 d5 2. e4 dxe4 3. Nxe4 Nf6 4. Nxf6+ exf6 5. d4 Bd6 6. Bd3 0-0 7. Ne2 Re8 8. 0-0 c6 9. c4 Na6 10. a3 Nc7 11. Qc2 g6 12. Be3 Ne6 13. Rfe1 Ng7 14. Ng3 h5 15. Ne4 Be7 16. Bd2 f5 17. Nc5 b6 18. Nb3 Be6 19. Bc3 h4 20. h3 Nh5 21. Bf1 Qc7 22. Rad1 Rad8 23. Nd2 a6 24. Nf3 b5 25. d5 cxd5 26. cxb5 axb5 27. Bxb5 Rf8 28. Nd4 Bc8 29. Qc1 Bf6 30. Be2 Nf4 31. Nb5 Nxe2+ 32. Rxe2 Qb6 33. Bxf6 Qxf6 34. Nd4 Rfe8 35. Rxe8+ Rxe8 36. b4 g5 37. Qc6 Qxc6 38. Nxc6 g4 39. hxg4 fxg4 40. Rxd5 f5 41. Re5 Kf7 42. Rxe8 Kxe8 43. Nd4 Ke7 44. Ne2 Kd6 45. Nf4 Ke5 46. Ng6+ Kd4 47. Nxh4 Kc4 48. Kh2 Kb3 49. Kg3 Kxa3 50. Kf4 Kxb4 51. Nxf5 Bb7 52. g3 Bc8 53. Ne3 Kc5 54. Nxg4 Kd6 55. Ne5 Ke7 56. g4 Kf6 57. g5+ Kg7 58. Kg3 Bf5 59. f4 Bc8 60. Kf3 Bf5 61. Ke3 Kf8 62. Kd4 Ke7 63. Kd5 Bc2 64. Kd4 Ke6 65. Ke3 Kf5 66. Kf3 Bb1 67. Kg3 Bc2 68. Nf3 Bb1 69. Nh4+ Ke6 70. Kg4 Kf7 71. Kh5 Kg7 72. f5 Be4 73. f6+ Kf7 74. Kh6 Bb1 75. Nf3 Ke6 76. Kg7 Kf5 77. g6 Kg4 78. f7 Kxf3 79. f8Q+ Kg2 80. Qf6 Bxg6 81. Qxg6+ Kf3 82. Qf6+ 1-0

[Event "Titled Tuesday intern op 11th Mar Early"]
[Site "Chess.com INT"]
[Date "2025.03.11"]
[Round "10"]
[White "Fishchuk, Vladyslav"]
[Black "Srihari, LR."]
[Result "0-1"]
[WhiteElo "2204"]
[BlackElo "2498"]
[PlyCount "88"]
[EventDate "2025.03.11"]
[EventType "swiss (blitz)"]
[EventRounds "11"]
[EventCountry "USA"]
[SourceTitle "CB12_2025"]
[SourceDate "2025.03.19"]
[SourceVersion "1"]
[SourceVersionDate "2025.03.19"]
[SourceQuality "1"]

1. Nc3 d5 2. e4 d4 3. Nce2 c5 4. Ng3 Nc6 5. Bc4 Nf6 6. d3 h5 7. h3 h4 8. N3e2 Ne5 9. Bb5+ Bd7 10. Bxd7+ Nexd7 11. f4 e5 12. Nf3 Bd6 13. 0-0 Qc7 14. fxe5 Nxe5 15. Bg5 Nfd7 16. Nf4 f6 17. Ne6 Qb6 18. Nxg7+ Kf7 19. Nxe5+ Bxe5 20. Qg4 Qc6 21. Nh5 Rag8 22. Qxh4 Ke7 23. Bf4 Bxf4 24. Rxf4 Rg5 25. e5 Rhxh5 26. exf6+ Kf7 27. Qf2 Rxh3 28. Re1 Re3 29. Re4 Rxe4 30. Rxe4 Nxf6 31. Rf4 Kg6 32. Rf3 Qd6 33. Qe2 Qe5 34. Qxe5 Rxe5 35. Rg3+ Kf5 36. Rg7 Re2 37. Rxb7 Rxc2 38. Rxa7 Ng4 39. Kf1 Ne3+ 40. Ke1 Nxg2+ 41. Kf1 Rxb2 42. Rc7 c4 43. Rc5+ Kf4 44. dxc4 d3 0-1

[Event "Titled Tuesday intern op 11th Mar Early"]
[Site "Chess.com INT"]
[Date "2025.03.11"]
[Round "9"]
[White "Jumabayev, Rinat"]
[Black "Fishchuk, Vladyslav"]
[Result "1-0"]
[WhiteElo "2549"]
[BlackElo "2204"]
[PlyCount "53"]
[EventDate "2025.03.11"]
[EventType "swiss (blitz)"]
[EventRounds "11"]
[EventCountry "USA"]
[SourceTitle "CB12_2025"]
[SourceDate "2025.03.19"]
[SourceVersion "1"]
[SourceVersionDate "2025.03.19"]
[SourceQuality "1"]

1. d4 Nc6 2. Nf3 d5 3. c4 Bg4 4. cxd5 Bxf3 5. gxf3 Qxd5 6. e3 e5 7. Nc3 Bb4 8. Bd2 Bxc3 9. bxc3 Qd6 10. Rg1 g6 11. Rb1 0-0-0 12. Qb3 b6 13. Qxf7 Nf6 14. Qc4 Rhe8 15. Be2 Nh5 16. Rg4 exd4 17. cxd4 Ne5 18. Qa6+ Kb8 19. dxe5 Qxd2+ 20. Kf1 Qc2 21. Rgb4 Rxe5 22. f4 Nxf4 23. exf4 Re4 24. Bf3 Rde8 25. Bxe4 Rxe4 26. Rxe4 Qxb1+ 27. Re1 1-0

[Event "Titled Tuesday intern op 11th Mar Early"]
[Site "Chess.com INT"]
[Date "2025.03.11"]
[Round "5"]
[White "Lortkipanidze, Nodar"]
[Black "Fishchuk, Vladyslav"]
[Result "0-1"]
[WhiteElo "2359"]
[BlackElo "2204"]
[PlyCount "76"]
[EventDate "2025.03.11"]
[EventType "swiss (blitz)"]
[EventRounds "11"]
[EventCountry "USA"]
[SourceTitle "CB12_2025"]
[SourceDate "2025.03.19"]
[SourceVersion "1"]
[SourceVersionDate "2025.03.19"]
[SourceQuality "1"]

1. e4 Nc6 2. Nf3 e6 3. d4 d5 4. e5 f6 5. Bb5 Bd7 6. 0-0 Nxe5 7. Nxe5 Bxb5 8. Qh5+ g6 9. Nxg6 hxg6 10. Qxh8 Kf7 11. Re1 Bg7 12. Qh3 Bd7 13. Qf3 Ne7 14. Bf4 Nf5 15. c3 c5 16. dxc5 Bc6 17. Qe2 e5 18. Bg3 d4 19. Nd2 d3 20. Qd1 Bh6 21. b4 Kg7 22. c4 a6 23. a4 Nd4 24. Ne4 d2 25. Nxd2 Bxd2 26. Rxe5 fxe5 27. Bxe5+ Kh7 28. Qg4 Nf5 29. Rd1 Qg5 30. Qh3+ Kg8 31. f4 Be3+ 32. Kf1 Qh5 33. Qxh5 gxh5 34. b5 axb5 35. axb5 Be4 36. h3 Ra2 37. g4 Ng3+ 38. Ke1 Re2# 0-1

[Event "Titled Tuesday intern op 11th Mar Early"]
[Site "Chess.com INT"]
[Date "2025.03.11"]
[Round "6"]
[White "Parpiev, Isaak"]
[Black "Fishchuk, Vladyslav"]
[Result "0-1"]
[WhiteElo "2341"]
[BlackElo "2204"]
[PlyCount "80"]
[EventDate "2025.03.11"]
[EventType "swiss (blitz)"]
[EventRounds "11"]
[EventCountry "USA"]
[SourceTitle "CB12_2025"]
[SourceDate "2025.03.19"]
[SourceVersion "1"]
[SourceVersionDate "2025.03.19"]
[SourceQuality "1"]

1. d4 Nc6 2. Nf3 d5 3. Bf4 Bg4 4. e3 f6 5. Be2 Bxf3 6. Bxf3 e5 7. dxe5 fxe5 8. Bxd5 exf4 9. Qh5+ g6 10. Bxc6+ bxc6 11. Qe5+ Qe7 12. Qxh8 Nf6 13. Nc3 0-0-0 14. Rd1 Re8 15. Ne4 Bg7 16. Qxe8+ Qxe8 17. Nxf6 Bxf6 18. Rd3 Bxb2 19. 0-0 Be5 20. exf4 Bxf4 21. g3 Bd6 22. Re3 Qf7 23. a3 Qc4 24. Rc1 a5 25. Kg2 a4 26. h4 Qd5+ 27. Rf3 Bxa3 28. Ra1 Bd6 29. Rxa4 h6 30. Ra8+ Kb7 31. Ra4 g5 32. hxg5 hxg5 33. Rg4 c5 34. c4 Qe6 35. Rxg5 Qxc4 36. g4 Qe4 37. Rg8 c4 38. g5 c3 39. g6 c2 40. g7 Qg4+ 0-1

[Event "Titled Tuesday intern op 11th Feb Early"]
[Site "Chess.com INT"]
[Date "2025.02.11"]
[Round "4"]
[White "Fishchuk, Vladyslav"]
[Black "Oparin, Grigoriy"]
[Result "0-1"]
[WhiteElo "2194"]
[BlackElo "2660"]
[PlyCount "42"]
[EventDate "2025.02.11"]
[EventType "swiss (blitz)"]
[EventRounds "11"]
[EventCountry "USA"]
[SourceTitle "CB09_2025"]
[SourceDate "2025.02.27"]
[SourceVersion "1"]
[SourceVersionDate "2025.02.27"]
[SourceQuality "1"]

1. Nc3 g6 2. d4 Bg7 3. e4 a6 4. Nf3 b5 5. Be3 Bb7 6. Bd3 d6 7. Qd2 Nd7 8. h4 c5 9. h5 cxd4 10. Nxd4 Nc5 11. h6 Bf6 12. Nd5 Bxd4 13. Bxd4 e5 14. Be3 Bxd5 15. exd5 Ne7 16. Bg5 0-0 17. Bf6 Qd7 18. Be2 Ne4 19. Bxe7 Nxd2 20. Bxf8 Rxf8 21. Kxd2 Qa7 0-1

[Event "UKR-ch U20"]
[Site "Lvov"]
[Date "2025.02.05"]
[Round "3"]
[White "Lozynskyi, Bohdan"]
[Black "Fishchuk, Vladyslav"]
[Result "1/2-1/2"]
[WhiteElo "2051"]
[BlackElo "2194"]
[PlyCount "111"]
[EventDate "2025.02.03"]
[EventType "swiss"]
[EventRounds "9"]
[EventCountry "UKR"]
[SourceTitle "CB07_2025"]
[SourceDate "2025.02.12"]
[SourceVersion "1"]
[SourceVersionDate "2025.02.12"]
[SourceQuality "1"]

1. e4 g6 2. d4 Bg7 3. Nc3 d6 4. Be3 a6 5. Qd2 b5 6. a4 b4 7. Na2 Nf6 8. f3 a5 9. c3 Bd7 10. Nc1 bxc3 11. bxc3 0-0 12. Bc4 d5 13. exd5 Bf5 14. Qa2 Nbd7 15. Bg5 Nb6 16. Bxf6 Bxf6 17. Nge2 Qd6 18. 0-0 Nxc4 19. Qxc4 Rfd8 20. Ng3 Qxd5 21. Qxd5 Rxd5 22. Nxf5 gxf5 23. Nd3 e5 24. Nxe5 Bxe5 25. dxe5 Rxe5 26. Rfe1 Rc5 27. Rad1 Kf8 28. Kf2 Re8 29. Rd3 Rc4 30. Ra1 f4 31. Rd4 Rxc3 32. Ra2 c5 33. Rxf4 Re7 34. g4 c4 35. Rb2 Rc7 36. Rf5 Rc1 37. Rbb5 c3 38. Rfc5 Rxc5 39. Rxc5 Ke7 40. Ke3 Kd6 41. Rc8 c2 42. Kd3 Ra1 43. Rxc2 Rxa4 44. Rc8 Kd5 45. Ke3 Ra2 46. h4 a4 47. Rc7 Ke6 48. Ra7 a3 49. Kf4 Kf6 50. h5 h6 51. Ra6+ Kg7 52. Kf5 Ra1 53. f4 Ra2 54. g5 hxg5 55. Kxg5 Rg2+ 56. Kf5 1/2-1/2

[Event "UKR-ch U20"]
[Site "Lvov"]
[Date "2025.02.04"]
[Round "2"]
[White "Fishchuk, Vladyslav"]
[Black "Pavlyk, Maksym"]
[Result "1-0"]
[WhiteElo "2194"]
[BlackElo "1816"]
[PlyCount "104"]
[EventDate "2025.02.03"]
[EventType "swiss"]
[EventRounds "9"]
[EventCountry "UKR"]
[SourceTitle "CB07_2025"]
[SourceDate "2025.02.12"]
[SourceVersion "1"]
[SourceVersionDate "2025.02.12"]
[SourceQuality "1"]

1. e4 c5 2. Nc3 Nc6 3. Bb5 g6 4. Bxc6 dxc6 5. d3 Bg7 6. Be3 b6 7. f4 Nf6 8. Nf3 0-0 9. h3 Qc7 10. 0-0 Rd8 11. Qe1 Nd7 12. f5 gxf5 13. Nh4 fxe4 14. Nf5 Nf8 15. Nxg7 Kxg7 16. Qh4 exd3 17. Bf4 Qd7 18. Be5+ Kg8 19. Qh6 f6 20. Ne4 Qe6 21. Nxf6+ exf6 22. Bxf6 Rd7 23. Rae1 Qf7 24. Bc3 d2 25. Bxd2 Qg7 26. Re8 Rf7 27. Qxg7+ Kxg7 28. Bh6+ Kg6 29. Rxf7 Kxf7 30. Rxf8+ Kg6 31. Bf4 Bb7 32. Rxa8 Bxa8 33. Bb8 a5 34. Bc7 b5 35. Bxa5 Kf5 36. Kf2 Ke4 37. g4 Bb7 38. Ke2 Bc8 39. b3 Be6 40. Bb6 c4 41. Kd2 cxb3 42. cxb3 Kf3 43. Kc3 Kg3 44. a4 bxa4 45. bxa4 Kxh3 46. g5 Kg4 47. Be3 Bc8 48. Kb4 Kf3 49. Bc1 Ke4 50. Kc5 Ke5 51. a5 Ke6 52. Kb6 Kd5 1-0

[Event "UKR-ch U20"]
[Site "Lvov"]
[Date "2025.02.03"]
[Round "1"]
[White "Kaleniuk, Yuriy"]
[Black "Fishchuk, Vladyslav"]
[Result "0-1"]
[WhiteElo "1685"]
[BlackElo "2194"]
[PlyCount "50"]
[EventDate "2025.02.03"]
[EventType "swiss"]
[EventRounds "9"]
[EventCountry "UKR"]
[SourceTitle "CB07_2025"]
[SourceDate "2025.02.12"]
[SourceVersion "1"]
[SourceVersionDate "2025.02.12"]
[SourceQuality "1"]

1. d4 d5 2. e3 c5 3. Bd3 Nc6 4. c3 Nf6 5. f4 Bg4 6. Nf3 e6 7. 0-0 Bd6 8. h3 Bf5 9. Ne5 0-0 10. Be2 Ne4 11. Qe1 f6 12. g4 fxe5 13. dxe5 Nxe5 14. gxf5 exf5 15. Nd2 Nc6 16. Nf3 Qf6 17. Kh1 Kh8 18. Rg1 d4 19. Ng5 Rae8 20. Nxe4 fxe4 21. cxd4 cxd4 22. Bd2 Bc5 23. Rc1 dxe3 24. Rxc5 exd2 25. Qxd2 e3 0-1

[Event "UKR-ch Rapid 92nd"]
[Site "Lvov"]
[Date "2024.12.23"]
[Round "5"]
[White "Fishchuk, Vladyslav"]
[Black "Sidorika, Vladislav"]
[Result "1/2-1/2"]
[WhiteElo "2250"]
[BlackElo "2302"]
[PlyCount "97"]
[EventDate "2024.12.23"]
[EventType "swiss (rapid)"]
[EventRounds "9"]
[EventCountry "UKR"]
[SourceTitle "CB52_2024"]
[SourceDate "2024.12.25"]
[SourceVersion "1"]
[SourceVersionDate "2024.12.25"]
[SourceQuality "1"]

1. Nc3 g6 2. d4 Bg7 3. e4 d5 4. Nxd5 c6 5. Nc3 Qxd4 6. Bd3 Nd7 7. Nf3 Qb6 8. 0-0 Nc5 9. Qe2 Nxd3 10. cxd3 Nf6 11. Bg5 Bg4 12. h3 Bxf3 13. Qxf3 Rd8 14. Qe2 0-0 15. Rfd1 Qa5 16. Be3 Rd7 17. d4 Rfd8 18. Rd2 e5 19. Rad1 exd4 20. Rxd4 Rxd4 21. Rxd4 Rxd4 22. Bxd4 Nd7 23. Bxg7 Kxg7 24. Qd3 Ne5 25. Qd4 f6 26. Qd6 Qb6 27. Qe7+ Nf7 28. e5 fxe5 29. Ne4 Qxb2 30. Nd6 Qc1+ 31. Kh2 Qf4+ 32. Kg1 Qc1+ 33. Kh2 Qf4+ 34. Kg1 e4 35. Ne8+ Kg8 36. Nf6+ Kg7 37. Ne8+ Kg8 38. Nf6+ Kg7 39. Ne8+ Kg8 40. Nf6+ Kg7 41. Ne8+ Kh6 42. g3 Qf5 43. Nf6 Kg7 44. Ne8+ Kg8 45. Nf6+ Kg7 46. Ne8+ Kg8 47. Nf6+ Kg7 48. Ne8+ Kg8 49. Nf6+ 1/2-1/2

[Event "UKR-ch 92nd"]
[Site "Lvov"]
[Date "2024.12.19"]
[Round "6"]
[White "Vetoshko, Volodymyr"]
[Black "Fishchuk, Vladyslav"]
[Result "1-0"]
[WhiteElo "2528"]
[BlackElo "2250"]
[PlyCount "119"]
[EventDate "2024.12.14"]
[EventType "swiss"]
[EventRounds "9"]
[EventCountry "UKR"]
[SourceTitle "CB52_2024"]
[SourceDate "2024.12.25"]
[SourceVersion "1"]
[SourceVersionDate "2024.12.25"]
[SourceQuality "1"]

1. c4 e6 2. g3 d5 3. Bg2 d4 4. Nf3 Nf6 5. 0-0 c5 6. e3 Nc6 7. exd4 cxd4 8. d3 h6 9. Re1 Bd6 10. Na3 0-0 11. Nc2 a5 12. Na3 Bxa3 13. bxa3 Nd7 14. Rb1 e5 15. Rb5 Qc7 16. Nh4 Nf6 17. f4 exf4 18. Bxf4 Qd8 19. Qd2 Re8 20. Rf1 Ng4 21. Be4 Ne3 22. Bxe3 dxe3 23. Qxe3 Qd4 24. Ng2 Be6 25. Rxb7 Bxc4 26. Qxd4 Nxd4 27. dxc4 Rxe4 28. Rfxf7 Ne6 29. Rfe7 Rd8 30. Nf4 Rd1+ 31. Kf2 Rd2+ 32. Kf3 Ng5+ 33. Kg4 Rxe7 34. Rxe7 Rxh2 35. c5 Rc2 36. Rc7 Kf8 37. Kf5 Ke8 38. Nd3 Kd8 39. Rc6 Rc3 40. Ne5 Nf3 41. Rd6+ Kc7 42. Rd7+ Kc8 43. Rd3 Rxd3 44. Nxd3 h5 45. Nf4 h4 46. Kg4 Ne5+ 47. Kxh4 Kd7 48. Kg5 Kc6 49. Kf5 Nd7 50. Ne6 Nxc5 51. Nxg7 Kb5 52. g4 Ka4 53. g5 Kxa3 54. g6 Kxa2 55. Ne8 a4 56. g7 a3 57. g8Q+ Kb1 58. Qg1+ Kb2 59. Qd4+ Kb1 60. Qb4+ 1-0

[Event "Morshyn Saint Charbel Cup 2nd"]
[Site "Morshyn"]
[Date "2024.10.11"]
[Round "6"]
[White "Pacher, Milan"]
[Black "Fishchuk, Vladyslav"]
[Result "1/2-1/2"]
[WhiteElo "2309"]
[BlackElo "2280"]
[PlyCount "50"]
[EventDate "2024.10.08"]
[EventType "tourn"]
[EventRounds "9"]
[EventCountry "UKR"]
[EventCategory "6"]
[SourceTitle "CB43_2024"]
[Source "Chessbase"]
[SourceDate "2024.10.23"]
[SourceVersion "1"]
[SourceVersionDate "2024.10.23"]
[SourceQuality "1"]

1. e4 c5 2. Nf3 Nc6 3. d4 cxd4 4. Nxd4 e5 5. Nb5 d6 6. N1c3 a6 7. Na3 Be6 8. Nc4 Rb8 9. Bd3 Nf6 10. Bg5 Be7 11. Bxf6 Bxf6 12. Ne3 0-0 13. Ncd5 Bg5 14. c3 Ne7 15. Bc2 Bxe3 16. Nxe3 d5 17. exd5 Nxd5 18. Qh5 g6 19. Qxe5 Nxe3 20. fxe3 Re8 21. Qd4 Qg5 22. 0-0 Rbd8 23. Qf4 Qb5 24. b3 Qc5 25. Be4 b5 1/2-1/2

[Event "Morshyn Saint Charbel Cup 2nd"]
[Site "Morshyn"]
[Date "2024.10.10"]
[Round "5"]
[White "Mosesov, Danylo"]
[Black "Fishchuk, Vladyslav"]
[Result "1/2-1/2"]
[WhiteElo "2453"]
[BlackElo "2280"]
[PlyCount "89"]
[EventDate "2024.10.08"]
[EventType "tourn"]
[EventRounds "9"]
[EventCountry "UKR"]
[EventCategory "6"]
[SourceTitle "CB43_2024"]
[Source "Chessbase"]
[SourceDate "2024.10.23"]
[SourceVersion "1"]
[SourceVersionDate "2024.10.23"]
[SourceQuality "1"]

1. d4 d5 2. c4 dxc4 3. e3 e5 4. Bxc4 exd4 5. exd4 Bd6 6. Nf3 Nf6 7. 0-0 0-0 8. h3 h6 9. Qc2 Nc6 10. a3 Ne7 11. Nc3 c6 12. Ne5 Ned5 13. Bd2 Be6 14. Rae1 Re8 15. Ne2 c5 16. Bb5 Re7 17. Nc4 Rc8 18. Nxd6 Qxd6 19. Qd3 Nd7 20. Rc1 a6 21. Bxd7 Qxd7 22. Rxc5 Bf5 23. Qf3 Be4 24. Qg3 Re6 25. Rxc8+ Qxc8 26. Rc1 Qe8 27. Nf4 Nxf4 28. Qxf4 Rg6 29. f3 Bc6 30. Re1 Re6 31. Re5 f6 32. Rxe6 Qxe6 33. h4 Qd5 34. Bb4 Qd7 35. Kf2 Bd5 36. h5 Bf7 37. g4 Bd5 38. Kg3 Qe6 39. Qb8+ Kh7 40. Qd6 Qf7 41. Qe7 Qg8 42. Bc3 Bc6 43. Qe2 Qd5 44. Qe3 Kg8 45. Qf4 1/2-1/2

[Event "Morshyn Saint Charbel Cup Blitz 2nd"]
[Site "Morshyn"]
[Date "2024.10.07"]
[Round "4"]
[White "Fishchuk, Vladyslav"]
[Black "Grekh, Andrey"]
[Result "1-0"]
[WhiteElo "2280"]
[BlackElo "2388"]
[PlyCount "54"]
[EventDate "2024.10.07"]
[EventType "tourn (blitz)"]
[EventRounds "9"]
[EventCountry "UKR"]
[EventCategory "6"]
[SourceTitle "CB43_2024"]
[Source "Chessbase"]
[SourceDate "2024.10.23"]
[SourceVersion "1"]
[SourceVersionDate "2024.10.23"]
[SourceQuality "1"]

1. Nc3 e6 2. d4 b6 3. e4 Bb7 4. Bd3 c5 5. d5 Nf6 6. Nf3 d6 7. dxe6 fxe6 8. e5 Nd5 9. Nxd5 Bxd5 10. 0-0 Be7 11. exd6 Qxd6 12. Ng5 g6 13. c4 Bc6 14. Qc2 e5 15. Rd1 Qf6 16. Ne4 Qf7 17. Bh6 Nd7 18. a3 0-0-0 19. b4 Nf6 20. b5 Bxe4 21. Bxe4 Rd4 22. Bc6 Qxc4 23. Qb2 Rhd8 24. Re1 e4 25. Be3 Rd3 26. a4 Ng4 27. a5 Nxe3 1-0

[Event "Morshyn Saint Charbel Cup Blitz 2nd"]
[Site "Morshyn"]
[Date "2024.10.07"]
[Round "2"]
[White "Fishchuk, Vladyslav"]
[Black "Pacher, Milan"]
[Result "1-0"]
[WhiteElo "2280"]
[BlackElo "2309"]
[PlyCount "52"]
[EventDate "2024.10.07"]
[EventType "tourn (blitz)"]
[EventRounds "9"]
[EventCountry "UKR"]
[EventCategory "6"]
[SourceTitle "CB43_2024"]
[Source "Chessbase"]
[SourceDate "2024.10.23"]
[SourceVersion "1"]
[SourceVersionDate "2024.10.23"]
[SourceQuality "1"]

1. Nc3 d5 2. e4 dxe4 3. Nxe4 Bf5 4. Qf3 Bxe4 5. Qxe4 Nc6 6. Bb5 Qd6 7. Nf3 Nf6 8. Qe2 0-0-0 9. 0-0 e6 10. a4 Nd4 11. Nxd4 Qxd4 12. c3 Qh4 13. a5 c6 14. Ba4 Bd6 15. g3 Qh3 16. Qf3 a6 17. d4 Bc7 18. Bg5 Rd5 19. Bxf6 gxf6 20. Qg2 Qxg2+ 21. Kxg2 Rxa5 22. Bc2 h5 23. h4 f5 24. Rxa5 Bxa5 25. Re1 Rg8 26. Bd1 Bc7 1-0

[Event "Morshyn Saint Charbel Cup Blitz 2nd"]
[Site "Morshyn"]
[Date "2024.10.07"]
[Round "3"]
[White "Kislinsky, Alexey"]
[Black "Fishchuk, Vladyslav"]
[Result "1-0"]
[WhiteElo "2355"]
[BlackElo "2280"]
[PlyCount "24"]
[EventDate "2024.10.07"]
[EventType "tourn (blitz)"]
[EventRounds "9"]
[EventCountry "UKR"]
[EventCategory "6"]
[SourceTitle "CB43_2024"]
[Source "Chessbase"]
[SourceDate "2024.10.23"]
[SourceVersion "1"]
[SourceVersionDate "2024.10.23"]
[SourceQuality "1"]

1. Nf3 Nc6 2. e4 e5 3. Bc4 Nf6 4. d3 h6 5. Nc3 d6 6. a3 g6 7. h3 Bg7 8. Be3 0-0 9. Qd2 Kh7 10. g4 Be6 11. g5 Bxc4 12. dxc4 hxg5 1-0

[Event "Morshyn Saint Charbel Cup Blitz 2nd"]
[Site "Morshyn"]
[Date "2024.10.07"]
[Round "5"]
[White "Pavlov, Sergey1"]
[Black "Fishchuk, Vladyslav"]
[Result "1/2-1/2"]
[WhiteElo "2451"]
[BlackElo "2280"]
[PlyCount "57"]
[EventDate "2024.10.07"]
[EventType "tourn (blitz)"]
[EventRounds "9"]
[EventCountry "UKR"]
[EventCategory "6"]
[SourceTitle "CB43_2024"]
[Source "Chessbase"]
[SourceDate "2024.10.23"]
[SourceVersion "1"]
[SourceVersionDate "2024.10.23"]
[SourceQuality "1"]

1. c4 e5 2. Nc3 Nf6 3. Nf3 e4 4. Ng5 c6 5. Ncxe4 Nxe4 6. Nxe4 d5 7. cxd5 cxd5 8. Ng3 h5 9. e3 h4 10. Ne2 Nc6 11. d4 Qf6 12. Nf4 Bd6 13. Nxd5 Qg6 14. a3 h3 15. gxh3 Qe4 16. Rg1 Qxd5 17. Rxg7 Bf5 18. Bg2 Be4 19. Bxe4 Qxe4 20. Qb3 Qe7 21. Bd2 Nxd4 22. Qa4+ Nc6 23. Rc1 0-0-0 24. Qxa7 Qd7 25. Ba5 Bb8 26. Qb6 Bc7 27. Qxc7+ Qxc7 28. Bxc7 Kxc7 29. Rxf7+ 1/2-1/2

[Event "Titled Tuesday intern op 17th Sep Late"]
[Site "Chess,com INT"]
[Date "2024.09.17"]
[Round "3"]
[White "Rustamov, Rustam"]
[Black "Fishchuk, Vladyslav"]
[Result "1/2-1/2"]
[WhiteElo "2283"]
[BlackElo "2264"]
[PlyCount "199"]
[EventDate "2024.09.17"]
[EventType "swiss (blitz)"]
[EventRounds "11"]
[EventCountry "USA"]
[SourceTitle "EXT 2025"]
[Source "ChessBase"]
[SourceDate "2024.10.14"]
[SourceVersion "1"]
[SourceVersionDate "2024.10.14"]
[SourceQuality "1"]

1. e4 c6 2. Nc3 d5 3. Nf3 dxe4 4. Nxe4 Nf6 5. Qe2 Nxe4 6. Qxe4 Nd7 7. Bc4 Nf6 8. Ne5 e6 9. Qe2 b5 10. Bb3 Bd6 11. 0-0 Qc7 12. d4 0-0 13. a4 a5 14. c3 Ba6 15. axb5 cxb5 16. Re1 a4 17. Bc2 b4 18. Qf3 bxc3 19. bxc3 Nd5 20. Rxa4 Qxc3 21. Qxc3 Nxc3 22. Ra1 Rfc8 23. Bd1 Nxd1 24. Rxd1 Bxe5 25. dxe5 Bc4 26. Rxa8 Rxa8 27. Be3 Bd5 28. h3 h6 29. Rc1 Rb8 30. Kh2 Ra8 31. Rc7 Rb8 32. g4 Ra8 33. h4 Ra4 34. Kg3 Ra1 35. f3 Rf1 36. Bf2 Rb1 37. Rc8+ Kh7 38. Rf8 Rb7 39. Bc5 g5 40. hxg5 hxg5 41. Be3 Kg7 42. Rd8 Rb3 43. Bxg5 Rxf3+ 44. Kh4 Rf1 45. Bf6+ Rxf6 46. exf6+ Kxf6 47. Rd7 Kg6 48. Kg3 Bc4 49. Kf4 Bd5 50. g5 Bc4 51. Rd8 Bd5 52. Rg8+ Kh7 53. Rb8 Kg6 54. Rb1 Bc4 55. Rh1 Bd5 56. Rh6+ Kg7 57. Ke5 Bc4 58. Rf6 Bd3 59. Rf3 Bg6 60. Rc3 Bh5 61. Rc7 Bg6 62. Kd6 Bh5 63. Rc1 Bg6 64. Ke5 Bh5 65. Rh1 Bg6 66. Kf4 Bf5 67. Rh6 Bg6 68. Ke5 Bf5 69. Rf6 Bg6 70. Kd6 Bh5 71. Ke7 Bg6 72. Rf4 Bh5 73. Rh4 Bg6 74. Rh2 Bf5 75. Rh4 Bg6 76. Rh6 Bf5 77. Rf6 Bg6 78. Kd6 Bh5 79. Ke5 Bg6 80. Rf2 Bh5 81. Rd2 Bg6 82. Kd6 Bh5 83. Ke7 Bg6 84. Rh2 Bf5 85. Rh6 Bg6 86. Rh4 Bf5 87. Rf4 Bg6 88. Rf6 Bh5 89. Rf4 Bg6 90. Ke8 Bh5 91. Kd7 Bg6 92. Kd6 Bh5 93. Ke5 Bg6 94. Rf2 Bh5 95. Kf4 Bg6 96. Kg4 Be4 97. Kh5 Bg6+ 98. Kh4 Be4 99. Re2 Bg6 100. Kg4 1/2-1/2